La vida novelesca de Eduardo, Duque de Windsor / (Record no. 95161)

MARC details
000 -LEADER
campo de control de longitud fija 00598nam a2200205 i 4500
001 - NÚMERO DE CONTROL
campo de control 95161
003 - IDENTIFICADOR DE NÚMERO DE CONTROL
campo de control ES-MaACL
007 - CAMPO FIJO DE DESCRIPCIÓN FÍSICA--INFORMACIÓN GENERAL
campo de control de longitud fija t|
008 - DATOS DE LONGITUD FIJA--INFORMACIÓN GENERAL
campo de control de longitud fija 050524s1953 sp ||||1| spa d
100 1# - ENTRADA PRINCIPAL--NOMBRE DE PERSONA
Nombre de persona Ludwig, Emil.
9 (RLIN) 74618
245 13 - MENCIÓN DEL TÍTULO
Título La vida novelesca de Eduardo, Duque de Windsor /
Mención de responsabilidad, etc. Emil Ludwig; [traducción de Arístides Gamboa].
250 ## - MENCION DE EDICION
Mención de edición [1ª ed.].
260 ## - PUBLICACIÓN, DISTRIBUCIÓN, ETC.
Lugar de publicación, distribución, etc. Barcelona :
Nombre del editor, distribuidor, etc. Símbolo,
Fecha de publicación, distribución, etc. 1953.
300 ## - DESCRIPCIÓN FÍSICA
Extensión 160 p. ;
Dimensiones 19 cm.
490 1# - MENCIÓN DE SERIE
Mención de serie Diamante
700 1# - ENTRADA AGREGADA--NOMBRE PERSONAL
Nombre de persona Gamboa, Aristides.
9 (RLIN) 53763
830 0# - PUNTO DE ACCESO ADICIONAL DE SERIE-TÍTULO UNIFORME
Título uniforme Diamante
9 (RLIN) 229874
852 ## - LOCALIZACIÓN
Ubicación ES-MaACL
Número de control de estantería C-6051
Sublocalización o colección R.35015
Holdings
Estatus retirado Estado de pérdida Estado de daño No para préstamo Biblioteca de origen Biblioteca actual Ubicación en estantería Fecha de adquisición Fuente de adquisición Total de préstamos Signatura topográfica completa Código de barras Visto por última vez Precio de reemplazo Tipo de ítem Koha
        Biblioteca del Ateneo de Madrid Biblioteca del Ateneo de Madrid Sala Palomar 17/01/2008     C-6051 1099372 23/02/2023 23/02/2023 Libro impreso